The Cross in the New Testament. (Record no. 6625)

MARC details
000 -LEADER
fixed length control field 01157cam a22002531 4500
001 - CONTROL NUMBER
control field 384566
003 - CONTROL NUMBER IDENTIFIER
control field OCoLC
005 - DATE AND TIME OF LATEST TRANSACTION
control field 20190117171332.0
008 - FIXED-LENGTH DATA ELEMENTS--GENERAL INFORMATION
fixed length control field 790516s1965 miu b 001 0 eng
010 ## - LIBRARY OF CONGRESS CONTROL NUMBER
LC control number 64022026
020 ## - INTERNATIONAL STANDARD BOOK NUMBER
International Standard Book Number 0802831990
020 ## - INTERNATIONAL STANDARD BOOK NUMBER
International Standard Book Number 9780802831996
040 ## - CATALOGING SOURCE
Original cataloging agency DLC
Language of cataloging eng
Transcribing agency DLC
Modifying agency MUQ
-- BTCTA
-- HNW
-- OCLCG
-- IDI
-- OCLCQ
-- CFT
050 00 - LIBRARY OF CONGRESS CALL NUMBER
Classification number BT262
Item number .M6
082 00 - DEWEY DECIMAL CLASSIFICATION NUMBER
Classification number 225.8
Item number M875C
100 1# - MAIN ENTRY--PERSONAL NAME
Personal name Morris, Leon,
Dates associated with a name 1914-2006.
245 14 - TITLE STATEMENT
Title The Cross in the New Testament.
260 ## - PUBLICATION, DISTRIBUTION, ETC.
Place of publication, distribution, etc. Grand Rapids,
Name of publisher, distributor, etc. W.B. Eerdmans Pub. Co.
Date of publication, distribution, etc. [1965]
300 ## - PHYSICAL DESCRIPTION
Extent 454 p. ;
Dimensions 24 cm.
504 ## - BIBLIOGRAPHY, ETC. NOTE
Bibliography, etc. note Includes bibliographical references.
505 00 - FORMATTED CONTENTS NOTE
Title The cross in Matthew and Mark --
-- The cross in the Lukan writings : the Gospel --
-- The cross in the Lukan writings : the Acts --
-- The cross in the Gospel according to St. John --
-- The cross in the Pauline epistles : the plight of man --
-- The cross in the Pauline epistles : the salvation of God --
-- The cross in the Pauline epistles : man's response --
-- The cross in the Epistle to the Hebrews --
-- The cross in the Catholic Epistles and Revelation.
650 #0 - SUBJECT ADDED ENTRY--TOPICAL TERM
Topical term or geographic name entry element Atonement
General subdivision Biblical teaching.
942 ## - ADDED ENTRY ELEMENTS (KOHA)
Source of classification or shelving scheme Dewey Decimal Classification
Koha item type Books
Holdings
Withdrawn status Lost status Source of classification or shelving scheme Damaged status Not for loan Collection code Home library Current library Shelving location Date acquired Cost, normal purchase price Total Checkouts Full call number Barcode Date last seen Price effective from Koha item type
    Dewey Decimal Classification     Non-fiction Harvest Mission College Harvest Mission College General Stacks 17.01.2019 4560.00   225.8 M875C 007416 17.01.2019 17.01.2019 Books

OPAC Designed and Maintained by HMC Library Team.
Copyright © HMC Library,Greater Noida, UP.
For any Suggestions/Query Contact library via Email:libhmc@gmail.com